Living traditions (Record no. 9034)

MARC details
000 -CABECERA
campo de control de longitud fija 01027nam a2200253 a 4500
001 - NÚMERO DE CONTROL
campo de control BRL_221
005 - FECHA Y HORA DE LA ÚLTIMA TRANSACCIÓN
campo de control 20190320210636.0
008 - DATOS DE LONGITUD FIJA--INFORMACIÓN GENERAL
campo de control de longitud fija 921221s1992 u--a#####c---#000-0#eng-#
020 ## - NÚMERO INTERNACIONAL ESTÁNDAR DEL LIBRO
Número Internacional Estándar del Libro 0910763070
041 ## - CÓDIGO DE LENGUA
Código de lengua del texto/banda sonora o título independiente eng
044 ## - CÓDIGO DEL PAÍS DE LA ENTIDAD EDITORA/PRODUCTORA
Código MARC del país u
050 #4 - SIGNATURA TOPOGRÁFICA DE LA BIBLIOTECA DEL CONGRESO
Número de clasificación NK841
Número de documento/Ítem .L58 1992
245 10 - MENCIÓN DE TÍTULO
Título Living traditions
Resto del título mexican popular arts
Mención de responsabilidad, etc. organized by the University Art Museum, University at Albany, State University of New York ; guest curator/essayist, Marta Turok ; with text and essay by Annie O´Neill ; Mario Dougherty, project director.
260 ## - PUBLICACIÓN, DISTRIBUCIÓN, ETC.
Lugar de publicación, distribución, etc. Estados Unidos
Nombre del editor, distribuidor, etc. Albany´s Art Museum
Fecha de publicación, distribución, etc. c1992
300 ## - DESCRIPCIÓN FÍSICA
Extensión 87 p.
Otras características físicas il. (algunas a color)
Dimensiones 29 cm.
500 ## - NOTA GENERAL
Nota general Catálogo de la exposición realizada en Albany´s Art Museum, 15 septiembre - 22 noviembre
500 ## - NOTA GENERAL
Nota general Au300
650 14 - PUNTO DE ACCESO ADICIONAL DE MATERIA--TÉRMINO DE MATERIA
Término de materia o nombre geográfico como elemento de entrada Arte popular
Subdivisión general Historia
Subdivisión cronológica Siglo XX
Subdivisión geográfica México
9 (RLIN) 23268
700 1# - PUNTO DE ACCESO ADICIONAL--NOMBRE DE PERSONA
Nombre de persona Turok, Marta
9 (RLIN) 23269
700 1# - PUNTO DE ACCESO ADICIONAL--NOMBRE DE PERSONA
Nombre de persona O´Neill, Annie
9 (RLIN) 23270
710 2# - PUNTO DE ACCESO ADICIONAL--NOMBRE DE ENTIDAD CORPORATIVA
Nombre de entidad corporativa o nombre de jurisdicción como elemento de entrada State University of New York at Albany
Unidad subordinada University Art Museum
9 (RLIN) 23271
902 ## - CATALOGADOR
Iniciales GRL
942 ## - ELEMENTOS DE PUNTO DE ACCESO ADICIONAL (KOHA)
Fuente del sistema de clasificación o colocación Library of Congress Classification
Tipo de ítem Koha Libros
Holdings
Estado de retiro Estado de pérdida Estado dañado No para préstamo Localización permanente Ubicación/localización actual Fecha de adquisición Número de inventario Total de préstamos Signatura topográfica completa Código de barras Fecha visto por última vez Precio válido a partir de Tipo de ítem Koha
El ejemplar forma parte de la colección y puede ser consultado según las políticas vigentes.       Biblioteca Centro de Estudios Ruth D. Lechuga Biblioteca Centro de Estudios Ruth D. Lechuga 20/12/2012 Au300   NK841 .L58 1992 (Au300) GRL00234 22/03/2019 22/03/2019 Libros